[Event "Bratislava Slovakia op"]
[Site "Bratislava"]
[Date "2022.10.01"]
[Round "5"]
[White "Nedoba, Jakub"]
[Black "Kluckova, Alzbeta"]
[Result "1/2-1/2"]
[WhiteElo "1160"]
[BlackElo "1097"]
[PlyCount "60"]
[EventDate "2022.09.30"]
[EventType "swiss (rapid)"]
[EventRounds "9"]
[EventCountry "SVK"]
[SourceTitle "CBM 210 Extra"]
[Source "ChessBase"]
[SourceDate "2022.11.30"]
[SourceVersion "1"]
[SourceVersionDate "2022.11.30"]
[SourceQuality "1"]

1. d4 d5 2. Bf4 Nc6 3. e3 e6 4. Nd2 Bd6 5. Bg3 Nge7 6. c3 0-0 7. Bd3 e5 8. dxe5 Bxe5 9. Ngf3 Bxg3 10. hxg3 Bf5 11. Qb1 Bxd3 12. Qxd3 h6 13. 0-0-0 Qd6 14. Ng5 f5 15. Ngf3 Ne5 16. Nxe5 Qxe5 17. Nf3 Qe4 18. Kc2 Qxd3+ 19. Kxd3 c6 20. Rh3 Rf6 21. Rdh1 Ng6 22. b3 Re8 23. Nh4 Nxh4 24. Rxh4 Re4 25. R4h2 Rfe6 26. Re1 Re7 27. Rh5 Rf7 28. f3 Re6 29. Rh4 Rg6 30. Rh3 Re7 1/2-1/2

[Event "Bratislava Slovakia op"]
[Site "Bratislava"]
[Date "2022.09.30"]
[Round "1"]
[White "Kluckova, Alzbeta"]
[Black "Panko, Radoslav"]
[Result "0-1"]
[WhiteElo "1097"]
[BlackElo "1972"]
[PlyCount "54"]
[EventDate "2022.09.30"]
[EventType "swiss (rapid)"]
[EventRounds "9"]
[EventCountry "SVK"]
[SourceTitle "CBM 210 Extra"]
[Source "ChessBase"]
[SourceDate "2022.11.30"]
[SourceVersion "1"]
[SourceVersionDate "2022.11.30"]
[SourceQuality "1"]

1. e4 g6 2. Nf3 Bg7 3. d4 c6 4. c3 d6 5. Be2 Bg4 6. e5 Bxf3 7. Bxf3 dxe5 8. 0-0 exd4 9. Qb3 Qb6 10. Bd2 Nd7 11. Na3 Qxb3 12. axb3 Nc5 13. Bd1 Ne4 14. Nb1 Nxd2 15. Nxd2 dxc3 16. bxc3 Bxc3 17. Ra2 Bxd2 18. Rxd2 Rd8 19. Rxd8+ Kxd8 20. Bf3 Nf6 21. Rd1+ Kc7 22. Kf1 Rd8 23. Rxd8 Kxd8 24. Ke2 Kd7 25. Kd3 Kd6 26. b4 b5 27. Kd4 Nd5 0-1

[Event "Bratislava Slovakia op"]
[Site "Bratislava"]
[Date "2022.09.30"]
[Round "3"]
[White "Malaschitz, Teodor"]
[Black "Kluckova, Alzbeta"]
[Result "1-0"]
[WhiteElo "1448"]
[BlackElo "1097"]
[PlyCount "83"]
[EventDate "2022.09.30"]
[EventType "swiss (rapid)"]
[EventRounds "9"]
[EventCountry "SVK"]
[SourceTitle "CBM 210 Extra"]
[Source "ChessBase"]
[SourceDate "2022.11.30"]
[SourceVersion "1"]
[SourceVersionDate "2022.11.30"]
[SourceQuality "1"]

1. e4 e5 2. Nf3 Nc6 3. Bc4 Bc5 4. d3 Nge7 5. c3 d6 6. Be3 Bxe3 7. fxe3 Na5 8. Nbd2 Nxc4 9. Nxc4 b5 10. Ncd2 Ng6 11. 0-0 0-0 12. d4 Qe8 13. Qe1 c6 14. Nh4 Nxh4 15. Qxh4 Qd8 16. Qh5 Be6 17. Nf3 Qd7 18. Ng5 h6 19. Nxe6 Qxe6 20. Qf5 Qxf5 21. Rxf5 f6 22. d5 c5 23. Rff1 a5 24. a4 b4 25. cxb4 cxb4 26. Rfc1 Rac8 27. g4 Rxc1+ 28. Rxc1 b3 29. Rc6 Rd8 30. Kf2 Kf7 31. Ke2 Ke7 32. Kd2 Kd7 33. Rb6 Rc8 34. Rxb3 Rc5 35. Rc3 Rc7 36. Rxc7+ Kxc7 37. Kc3 Kb6 38. Kc4 g6 39. b4 h5 40. gxh5 gxh5 41. h4 axb4 42. Kxb4 1-0

[Event "Skalica op-B"]
[Site "Skalica"]
[Date "2021.08.28"]
[Round "8"]
[White "Kluckova, Alzbeta"]
[Black "Hatala, Peter"]
[Result "0-1"]
[WhiteElo "1077"]
[BlackElo "1493"]
[PlyCount "102"]
[EventDate "2021.08.21"]
[EventType "swiss"]
[EventRounds "9"]
[EventCountry "SVK"]
[SourceTitle "CBM 204 Extra"]
[Source "ChessBase"]
[SourceDate "2021.11.30"]
[SourceVersion "1"]
[SourceVersionDate "2021.11.30"]
[SourceQuality "1"]

1. e4 e5 2. Nf3 Nc6 3. Nc3 Bc5 4. Na4 Be7 5. d4 d6 6. dxe5 Nxe5 7. Nxe5 dxe5 8. Qxd8+ Bxd8 9. Bd3 h6 10. 0-0 Nf6 11. f4 Nd7 12. b3 0-0 13. Bb2 Bf6 14. fxe5 Bxe5 15. Rab1 Bxb2 16. Rxb2 Ne5 17. Nc3 c6 18. Re1 Rd8 19. Be2 Be6 20. Nd1 Rd6 21. c4 Rad8 22. Nf2 Kh7 23. Rbb1 Rd2 24. Rbd1 g6 25. Rxd2 Rxd2 26. a4 h5 27. Kf1 Rb2 28. Bd1 Kg7 29. Re2 Rb1 30. Re1 Kf6 31. Be2 Rxb3 32. Ra1 a5 33. h3 c5 34. Ke1 Rb4 35. Nd1 Bxc4 36. Nc3 Ke6 37. Bxc4+ Nxc4 38. Nb5 Rb2 39. Nc3 Rxg2 40. Ne2 Rh2 41. Ng1 b6 42. Rc1 Ne5 43. Rc3 Ra2 44. Rb3 Nd7 45. Ne2 Rxa4 46. Nc3 Rb4 47. Ra3 Ke5 48. Kd2 Nf6 49. Kc2 Nxe4 50. Ra4 Nxc3 51. Rxb4 axb4 0-1

[Event "Skalica op-B"]
[Site "Skalica"]
[Date "2021.08.23"]
[Round "3"]
[White "Novomeska, Karin"]
[Black "Kluckova, Alzbeta"]
[Result "1-0"]
[WhiteElo "1519"]
[BlackElo "1077"]
[PlyCount "53"]
[EventDate "2021.08.21"]
[EventType "swiss"]
[EventRounds "9"]
[EventCountry "SVK"]
[SourceTitle "CBM 204 Extra"]
[Source "ChessBase"]
[SourceDate "2021.11.30"]
[SourceVersion "1"]
[SourceVersionDate "2021.11.30"]
[SourceQuality "1"]

1. d4 d5 2. c4 Nf6 3. cxd5 Nxd5 4. e4 Nb6 5. Nf3 g6 6. Nc3 Bg7 7. Be3 0-0 8. h3 e6 9. Be2 N8d7 10. 0-0 f6 11. a4 a5 12. Qb3 Re8 13. Nd2 Nf8 14. Rfd1 Nbd7 15. Rac1 b6 16. Nb5 Re7 17. Nxc7 Ra7 18. Nb5 Ra8 19. Bc4 Ba6 20. d5 Ne5 21. dxe6 Nxc4 22. Nxc4 Qb8 23. Nxb6 Bb7 24. Nxa8 Qxa8 25. Bc5 Qe8 26. Bxe7 Qxe7 27. Rc7 1-0

[Event "Skalica op-B"]
[Site "Skalica"]
[Date "2021.08.22"]
[Round "2"]
[White "Kluckova, Alzbeta"]
[Black "Drabek, Martin"]
[Result "0-1"]
[WhiteElo "1077"]
[BlackElo "1482"]
[PlyCount "50"]
[EventDate "2021.08.21"]
[EventType "swiss"]
[EventRounds "9"]
[EventCountry "SVK"]
[SourceTitle "CBM 204 Extra"]
[Source "ChessBase"]
[SourceDate "2021.11.30"]
[SourceVersion "1"]
[SourceVersionDate "2021.11.30"]
[SourceQuality "1"]

1. e4 e5 2. Nf3 Nc6 3. Nc3 Bc5 4. Na4 Bb6 5. Nxb6 cxb6 6. d4 exd4 7. Bb5 Qe7 8. Qe2 Qb4+ 9. Nd2 Qc5 10. Bxc6 bxc6 11. Nf3 a5 12. 0-0 Ba6 13. Qd1 Bxf1 14. Kxf1 Qc4+ 15. Kg1 c5 16. Nd2 Qe6 17. b3 Nf6 18. Qf3 0-0 19. Bb2 Rfe8 20. Re1 Qg4 21. Qxg4 Nxg4 22. Nc4 Re6 23. e5 Rae8 24. f4 Nh6 25. Nd6 Rxd6 0-1